000 01117nam a2200337 i 4500
999 _c65663
_d65663
001 768714001
003 CO-MdFUSB
005 20200626163811.0
007 ta
008 200406t2003 mau |||| |||| 00| 0 eng d
020 _a9781565636583
040 _aCO-MdFUSB
_bspa
_cCO-MdFUSB
_dCO-MdFUSBC
_erda
041 _aeng
082 _223
_a225.9
_bC771
100 _aCook, John Granger.
_eautor
242 _aLa interpretación del Nuevo Testamento en el paganismo Greco-Romano.
_linglés.
245 4 _aThe interpretation of the New Testament in Greco-Roman paganism
_c/ John Granger Cook
264 1 _a Massachusetts :
_bHendrickson Publishers,
_c[2003]
264 4 _c© 2003
300 _a385 páginas
_c; 23 cm
336 _2rdacontent
_atexto
_btxt
337 _2rdamedia
_asin mediación
_bn
338 _2rdacarrier
_avolumen
_bnc
500 _aColección Dawn Christina Harrell
563 _aRústico
630 7 _aBiblia.
_pNuevo Testamento
_xCultura
630 7 _aBiblia.
_pNuevo Testamento
_xCrítica, interpretación, etc.
942 _cBK
945 _aJTF-925
_bAEM-53